000 01563cam a2200325 a 4500
001 1137
003 BD-RjUL
005 20211208233300.0
008 131124s1983 mau b 001 0 eng
020 _a0201108593 (pbk.) :
020 _a0201108585
035 _a(BD-RjUL)1159
040 _aDLC
_cDLC
_dDLC
_dBD-RjUL
_beng
041 _aeng
082 0 0 _a070.43
_219
_bRAI 1983
245 0 0 _aRaising hell :
_bhow the Center for Investigative Reporting gets the story /
_c[compiled] by David Weir and Dan Noyes.
260 _aReading, Mass.:
_bAddison-Wesley Pub. Co.,
_cc1983.
300 _axii, 340 p. ;
_c24 cm.
500 _aConsists of 8 magazine articles reprinted, each accompanied by an investigative story.
500 _aIncludes index.
504 _aBibliography: p. [329]-334.
505 0 _aForeword / by Mike Wallace -- Nuclear nightmare / by Michael Singer and David Weir with Barbara Newman -- Citizen Scaife / by Karen Rothmyer -- Teamster madness / by Douglas Foster -- Let them eat est / by Suzanne Gordon -- The boomerang crime / by David Weir with Mark Schapiro and Terry Jacobs -- The Bechtel file / by Mark Dowie -- The party's over / by Kate Coleman with Paul Avery -- Operation wigwam / by Dan Noyes, Maureen O'Neill, and David Weir.
610 2 0 _aCenter for Investigative Reporting (U.S.)
_94646
650 0 _aInvestigative reporting.
_93358
700 1 _aWeir, David,
_d1947 April 14-
_93359
700 1 _aNoyes, Dan.
_93360
710 2 _aCenter for Investigative Reporting (U.S.)
_93361
942 _2ddc
_cBK
999 _c1137
_d1137